MDQL
is popping MORE tags! Check the
thread
!
Quizzes
Events
Quiz Creation
Community
Videos
Private Events
Remove Ads
Sign In
Join for FREE
Feedback
Dark Mode
Quiz Categories
Sports
Geography
Music
Movies
Television
Just For Fun
Miscellaneous
History
Literature
Language
Science
Gaming
Entertainment
Religion
Holiday
For Kids
Quiz Lab
Recent
Popular Today
Quiz Kudos Today
Editor Picks
Curator Picks
Quizzes by...
Day
Popularity
Type
Ratings
Length
Year
Community
Subscriptions
Recent Discussions
Orange Saloon
Badges
Playlists
Quests
Create
Leaderboards
Showdown
Live 5
Trivia Bingo
Activity
Puzzle Library
Sporcle Events
Private Events
Virtual Trivia
Globe League
Become a Host
Pub Owners
SporcleCon
Opinionation
Our Games
Videos
Blog
Mobile Apps
Partnerships
Remove Ads and Go Orange
Feedback
Miscellaneous
Crossword
General Knowledge
Baby Names
Logo
Food
Cars
Numbers
Grab Bag
University
College
Popular
Company
Slogans
Restaurants
Justice
Letter
Miscellaneous
Crossword
General Knowledge
Baby Names
Logo
Food
Cars
Numbers
Grab Bag
University
College
Popular
Company
Slogans
Restaurants
Justice
Letter
Random Quiz
Search Sporcle
×
Quiz Lab
Quiz Lab
Miscellaneous
product
Type in answers that appear in a list
Type in answers that appear in a list
Classic
Best Score? Go Orange.
Hershey Candy Stats
Can you name the candy products currently made by Hershey?
By
disturbedwriter
7m
43 Questions
727 Plays
727 Plays
727 Plays
Comments
Comments
Give Quiz Kudos
Give Quiz Kudos
-
- Ratings
hide this ad
Replay
Link that replays current quiz
Next Quiz
Link to next quiz in quiz playlist
You Got
0%
They Got
Avg Score
17%
Avg Friend Score
Upgrade to see
Score Distribution
Jump to the score distribution portion of the page
Score
0/43
Timer
07:00
0
Plays Today
Candy Type
Candy Name
% Correct
Chocolate Pieces
Hershey's Kisses
65.7%
Licorice
Twizzlers
54.4%
Pieces
Reese's Pieces
42%
Bar
Almond Joy
40.8%
Bar
Kit Kat
39.1%
Bar
Hershey's Milk Chocolate
36%
Bar
Mr. Goodbar
35.1%
Bar
Mounds
33.6%
Hard Candy
Jolly Rancher
31.4%
Other (chocolate)
Reese's Peanut Butter Cups
30.7%
Bar
Hershey's Cookies N Creme
26.3%
Other (chocolate)
York Peppermint Pattie
25.9%
Bar
Hershey's Special Dark
22.3%
Bar
Take 5
20.5%
Gum/
Mints
Ice Breakers
17.6%
Bar
Payday
17.6%
Bar
Heath
13.9%
Bar
Whatchamacallit
13.8%
Chocolate Pieces
Hugs
13.6%
Chocolate Pieces
Milk Duds
13.5%
Bar
Symphony Milk Chocolate Bar
12.8%
Bar
Hershey's Milk Chocolate with Almonds
12.3%
Candy Type
Candy Name
% Correct
Gum
Bubble Yum
10.5%
Bar
Reese's Fast Break
10.1%
Chocolate Pieces
Kissables
9.4%
Bar
5th Avenue
9.2%
Chocolate Pieces
Rolo
9.1%
Chocolate Pieces
Hershey's Bliss
8.7%
Bar
Reese's Nutrageous
8.5%
Chocolate Pieces
Whoppers
8.3%
Licorice
Good & Plenty
8.1%
Bar
Zero
8.1%
Boxed Chocolates
Hershey's Pot of Gold
7.7%
Bar
Skor
7.3%
Chocolate Brand
Cadbury
7.2%
Mints
Breath Savers
5.9%
Chocolate Pieces
Hershey's Nuggets
5.5%
Bar
Zagnut
4.7%
Bar
Hershey's Extra Dark
3.2%
Nuts/
Chocolate
Mauna Loa
2.5%
Specialty Chocolate
Cacao Reserve
1.9%
Bars
Reese Sticks
1.7%
Licorice
Young & Smylie
0.8%
Quiz Playlist
Details
Report
Send in Message
Add To Playlist
Classic:
Type in answers that appear in a list
Quiz Source
Last Updated: Feb 16, 2017
Quiz Scoreboard
CHALLENGE
Sign Up to Join the Scoreboard
Show All
Scores
Hide
Comments
May contain spoilers
Recently Published
5x2 Blitz: Bands
by SL_Kpop136
Music
30s
Colored Red Africa Blitz
by spor1
Geography
30s
Find the 'City' Movie
by crazypaving
Movies
60s
More to Explore
Quiz From the Vault
Featured Blog Post
14 Easter Pick-up Lines to Find Eggs With
hide this ad
You Might Also Like...
Tags
Candy
Hershey
product
Today's Top Quizzes in Miscellaneous
Browse Miscellaneous
hide this ad
Today's Top Quizzes in product
Browse product
Top Contributed Quizzes in Miscellaneous
1
The JOE quick-fire general knowledge quiz: Day 174
2
5-to-1: Fast Food
3
9x9 Crossword: Disney Movie Titles
4
9x9 Crossword: Charlie and the Chocolate Factory
5
9x9 Crossword: Actors
6
9x9 Crossword: 2022 Movies
7
9x9 Crossword: The Simpsons
8
9x9 Crossword: Pixar Movie Titles
9
The JOE quick-fire general knowledge quiz: Day 173
10
9x9 Crossword: Flags
Explore More
Trending Topics
Disney
Harry Potter
NBA
Kpop
Crossword
Anime
Marvel
Country
WWE
Pokémon
NFL
Soccer
Puzzle
The Office
Song
hide this ad
More By:
disturbedwriter
Quiz
Plays
Rating
Category
Featured
Created
Buffy Episodes
877
4.67
Television
Oct 2, 2009
Song Titles that Ask Questions
729
3.60
Music
Oct 5, 2009
Hershey Candy
727
3.86
Miscellaneous
Oct 6, 2009
Go to Creator's Profile
Score Distribution
Quiz Creator Spotlight
disturbedwriter
Follow
Send a Message
Quizzes Created
-
Created Quiz Play Count
-
More By This Creator
Popular Quizzes Today
1
Colored Red Africa Blitz
2
Find the US States - No Outlines Minefield
3
Find the 'City' Movie
4
5x2 Blitz: Bands
5
The Countries of the World
6
Find the US States
7
US States
8
Find the Countries of Europe - No Outlines Minefield
More Miscellaneous Quizzes
Fabulous Fonts II
Published
Trending Quizzes
Colored Red Europe Blitz I
Colored Red Europe Blitz II
Colored Red Africa Blitz II
Colored Red Europe Blitz III
Colored Red Africa Blitz III
Recently Updated
How Do You Spell That?
pecheneg
Godzilla Movies
pecheneg
Grab Bag: 4-10 Letters
pecheneg
2024 March Madness Bracket
pecheneg
Famous TV Couples
Peacemaker
Champions League XIs: Real Madrid
pecheneg
Largest US Cities 1790-2010
pecheneg
Rides in Walt Disney World
pecheneg
Most Oscar Losses (Acting)
pecheneg
Beyoncé Albums
pecheneg
Trending Topics
NBA
Marvel
Kpop
Anime
Disney
Harry Potter
Crossword
Song
Pokémon
The Office
NFL
Puzzle
WWE
Soccer
Country
Your Account Isn't Verified!
In order to create a playlist on Sporcle, you need to verify the email address you used during registration. Go to your
Sporcle Settings
to finish the process.
Report this User
Report this user for behavior that violates our
Community Guidelines
.
Details:
Send Report
Go to the Sporcle.com Mobile Site →
Comments